000 00575pab a2200193 454500
008 180718b2013 xxu||||| |||| 00| 0 eng d
100 _aAcuna, Vivien Villagran
245 _aRegional infrastructure planning in Chile: challenges and opportunities
260 _c2013
300 _ap.130-142.
362 _aAutumn
650 _aRegional planning - Chile
650 _aRegional development - Chile
650 _aRegional planning
700 _aVoullieme, Uwe Gehrels
700 _aAquino, Felipe Livert
773 _aRegional Development Dialogue
909 _a108409
999 _c108404
_d108404